000 00420nam a2200157 a 4500
001 000015975
005 20200929164225.0
008 100222s1974 dr 000 0 spa d
040 _aDO-SdBNP
_bspa
_cBNPHU
082 _axxxx
_bA862m
100 1 _aAtanay, Reginaldo
_935891
245 1 0 _aMeditaciones /
_cReginaldo Atanay.
260 _aSanto Domingo :
_bDel Caribe,
_c1974.
300 _a53 p. ;
_c22 cm.
049 _aBNPD
999 _c15517
_d15517